000 00529nam a2200181Ia 4500
003 GCL
008 140319s9999 xx 000 0 ara d
040 _aGCL /
_cGCL
082 0 4 _aق
_b350.01
_bى خ
100 1 _aيونان لبيب رزق
245 1 0 _aالخارجية المصرية /
_cيونان لبيب رزق
260 _a[S.N] :
_bالهيئة المصرية العامة للكتاب ،
_c1989
300 _a347 ص
490 _a
650 0 4 _aمصر
650 0 4 _aوزارة الخارجية
942 _2ddc
_cBK
999 _c57727
_d57727